Návrh, analýza a testovanie aplikácie pre prenos hlasu

Saved in:
Bibliographic Details
Main Author: Pavličko, Kamil (Author)
Other Authors: Drozda, Martin (Thesis advisor)
Format: Manuscript Book
Language:Slovak
Published: 2016
Subjects:
Online Access:http://is.stuba.sk/zp/portal_zp.pl?podrobnosti=107320
Tags: Add Tag
No Tags, Be the first to tag this record!

MARC

LEADER 00000ntm a22000003a 4500
001 stuzp55584
003 SK-STU
005 20160831102549.4
007 ta
008 150427s2015----xo-----f-mn---000-0-slo-d
040 |a STU  |b slo 
041 0 |a slo 
044 |a xo 
100 1 |a Pavličko, Kamil  |u 035000  |4 aut  |U FEI Fakulta elektrotechniky a informatiky  |T FEI Ústav informatiky a matematiky  |X 72979  |U E050  |Y 816  |7 72979 
242 0 1 |a Design, analysis and testing application for voice transfer  |y eng 
245 1 0 |a Návrh, analýza a testovanie aplikácie pre prenos hlasu 
260 |c 2016 
300 |a 60 s., príl. 
650 4 |a AsteriskPBX  |2 eng 
650 4 |a internet  |2 eng 
650 4 |a VoIP  |2 eng 
650 4 |a RTP  |2 eng 
650 4 |a Android application  |2 eng 
650 4 |a SIP  |2 eng 
650 4 |a AsteriskPBX  |2 slo 
650 4 |a internet  |2 slo 
650 4 |a VoIP  |2 slo 
650 4 |a RTP  |2 slo 
650 4 |a Android aplikácia  |2 slo 
650 4 |a SIP  |2 slo 
700 1 |a Drozda, Martin  |u 035000  |k Z1  |4 ths  |U FEI Fakulta elektrotechniky a informatiky  |T FEI Ústav informatiky a matematiky  |X 71006  |U E050  |Y 816  |7 A000071006 
856 4 |u http://is.stuba.sk/zp/portal_zp.pl?podrobnosti=107320 
996 |b 284ER02234  |c E*Bc- 2234  |l EE35  |s P  |a 0  |w stuzp55584_0001 
SQL |a stuzp55584  |b DBP  |c SLO  |d Návrh, analýza a testovanie aplikácie pre prenos hlasu  |e 72979  |f Pavličko, Kamil  |g 035000  |h 71006  |i Drozda, Martin  |j 20160707  |k 73  |l 03  |m http://is.stuba.sk/zp/portal_zp.pl?podrobnosti=107320  |n B-API  |o 9.2.9. aplikovaná informatika